Teams With the Most NCAAM Tournament Wins - Statistics

General Stats
  • This quiz has been taken 69 times
  • The average score is 10 of 14
Answer Stats
Hint Answer % Correct
5 Duke
97%
6 North Carolina
97%
11 UCLA
94%
3 Kansas
89%
8 Kentucky
88%
3 Villanova
80%
2 Michigan State
76%
2 Florida
74%
4 Connecticut
73%
5 Indiana
65%
2 Oklahoma State
39%
2 North Carolina State
38%
2 San Francisco
30%
2 Cincinnati
24%
No matching quizzes found
Score Distribution
Percent of People with Each Score
Percentile by Number Answered
Your Score History
You have not taken this quiz